000 01462cam a2200349 a 4500
001 15861380
005 20170105102353.0
008 090810s2009 maua b 001 0 eng
010 _a 2009455529
015 _aGBA921331
_2bnb
016 7 _a014899049
_2Uk
020 _a9781596933873
020 _a1596933879
035 _a(OCoLC)ocn312625552
040 _aUKM
_cUKM
_dCDX
_dDLC
042 _aukblsr
_alccopycat
050 0 0 _aUG485
_b.A33223 2009
082 0 4 _a623.043
_222
100 1 _aAdamy, David.
245 1 0 _aEW 103 : tactical battlefield communications electronic warfare
_btactical battlefield communications electronic warfare
_cDavid L. Adamy
246 3 0 _aTactical battlefield communications electronic warfare
260 _aBoston ;
_aLondon :
_bArtech House,
_cc2009.
300 _axiii, 330 p. :
_bill. ;
_c24 cm. +
_e1 CD-ROM (4 3/4 in.).+ 1 slide rule (22 cm.).
490 0 _aArtech House radar series
504 _aIncludes bibliographical references (p. 307-310) and index.
650 0 _aElectronics in military engineering.
650 0 _aElectronic countermeasures.
650 0 _aCommunications, Military.
906 _a7
_bcbc
_ccopycat
_d2
_encip
_f20
_gy-gencatlg
942 _2ddc
_cBK
999 _c12030
_d12030